| Tag |
First Indicator |
Second Indicator |
Subfields |
| LEADER |
00000cam a2200000 4500 |
| 001 |
in00000050665 |
| 005 |
20151007073819.0 |
| 008 |
720920s1929 enkaef 00010 eng u |
| 010 |
|
|
|a 29025751
|
| 035 |
|
|
|a (OCoLC)00411329
|
| 035 |
|
|
|9 AAF0432AM
|
| 040 |
|
|
|c OUN
|d TXA
|d UtOrBLW
|
| 049 |
|
|
|a TXAM
|c [181305]
|
| 050 |
|
0 |
|a QL698
|b .H73
|
| 092 |
|
|
|a 598.2
|b H849i
|
| 100 |
1 |
|
|a Howard, Henry Eliot,
|d 1873-1940.
|
| 245 |
1 |
3 |
|a An introduction to the study of bird behaviour /
|c by H. Eliot Howard.
|
| 264 |
|
1 |
|a Cambridge [England] :
|b The University press,
|c 1929.
|
| 300 |
|
|
|a xi, 1 unnumbered page, 135 pages, 1 unnumbered page :
|b frontispiece, illustrations, X plate, 2 plans. ;
|c 33 x 27 cm.
|
| 336 |
|
|
|a text
|b txt
|2 rdacontent
|
| 337 |
|
|
|a unmediated
|b n
|2 rdamedia
|
| 338 |
|
|
|a volume
|b nc
|2 rdacarrier
|
| 650 |
|
0 |
|a Birds.
|
| 999 |
|
|
|a MARS
|
| 999 |
f |
f |
|s 87168f49-06ad-3fed-b7de-c8030244c7a4
|i 74ee0116-628e-3496-b654-81a05d046488
|t 0
|
| 952 |
f |
f |
|p ric
|a Texas A&M University
|b Rellis Campus
|c Joint Library Facility
|d Remote Storage
|t 0
|e QL698 .H73
|h Library of Congress classification
|i unmediated -- volume
|m A14801021357
|
| 998 |
f |
f |
|a QL698 .H73
|t 0
|l Remote Storage
|